• 首页
  • 本馆介绍
  • 公告通知
  • 最新文献
  • 馆藏检索
  • 电子资源
  • 读者导购
  • 参考咨询
  • 我的图书馆
  • 登录
  • 详细信息显示
  • 放入我的书架
  • 预约/预借图书
  • 作者相关作品
  • 分类相关作品
  • 丛书相关作品
  • 出版社相关作品

书目信息

  • 表格格式
  • 工作单格式
  • 卡片格式
题名:
深圳时尚家具
    
 
作者: 裴长辉 主编
分册:   客厅、餐厅
出版信息: 深圳   海天出版社  2002
页数: 84页
开本: 29cm
丛书名:
单 册:
中图分类: TS666.265.3-64
科图分类:
主题词: 家具--深圳市--图集 , 客厅--家具--深圳市--图集 , 餐厅--家具--深圳市--图集 , CT--S037132--家具 , CT--S904022--客厅 , CT--S903762--餐厅
电子资源:
ISBN: 7-80654-593-X
000 00984nam0 2200301 45
001 012002030367
005 20070116165139.50
010    @a7-80654-593-X@dCNY30.00
035    @a(011001)c2002024251
092    @aCN@b475792
100    @a20020405d2002 em y0chiy0110 ea
101 0  @achi
102    @aCN@b440000
105    @aa z 000yy
200 1  @a深圳时尚家具@Ashen zhen shi shang jia ju@i客厅、餐厅@f裴长辉主编@Fpei chang hui zhu bian
210    @a深圳@c海天出版社@d2002
215    @a84页@d29cm
330    @a本册汇集了从深圳众多的家具、家私公司大量原创作品中精选出来的168种特色鲜明、风格各异的优秀客厅、餐厅家具作品。
606 0  @a家具@y深圳市@j图集
606 0  @a客厅@x家具@y深圳市@j图集
606 0  @a餐厅@x家具@y深圳市@j图集
606 0  @2CT@3S037132@a家具
606 0  @2CT@3S904022@a客厅
606 0  @2CT@3S903762@a餐厅
690    @aTS666.265.3-64@v4
701  0 @a裴长辉@Apei chang hui@4主编
801  0 @aCN@bNLC@c20070116
905    @a10447@dTS666.265.3-64@e44
    
    深圳时尚家具.客厅、餐厅/裴长辉主编.-深圳:海天出版社,2002
    84页;29cm
    
    
    ISBN 7-80654-593-X:CNY30.00
    本册汇集了从深圳众多的家具、家私公司大量原创作品中精选出来的168种特色鲜明、风格各异的优秀客厅、餐厅家具作品。
●
相关链接 在E读中查询图书 在五车中查询图书 在当当中查询图书 在豆瓣中查询图书


正题名:深圳时尚家具     索取号:TS666.265.3-64/44         预约/预借

序号 登录号 条形码 馆藏地/架位号 状态 备注
1 0565383   205653835   第二样本阅览室/ [索取号:TS666.265.3-64/44] 在馆    
2 0565384   205653844   第三借阅区/ [索取号:TS666.265.3-64/44] 在馆    
3 0565385   205653853   第三借阅区/ [索取号:TS666.265.3-64/44] 在馆    
4 0565386   205653862   第三借阅区/ [索取号:TS666.265.3-64/44] 在馆    
5 0565387   205653871   第三借阅区/ [索取号:TS666.265.3-64/44] 在馆    
唐山师范学院图书馆 欢迎您!
大连网信软件有限公司© 版权所有